Entrepreneurship in BRICS : (Record no. 20853)

000 -LEADER
fixed length control field 01433cam a22002775i 4500
020 ## - INTERNATIONAL STANDARD BOOK NUMBER
ISBN 9783319114125
040 ## - CATALOGING SOURCE
Transcribing agency DLC
082 04 - DEWEY DECIMAL CLASSIFICATION NUMBER
Classification number 658 FAO 2017 C106 Or.
245 00 - TITLE STATEMENT
Title Entrepreneurship in BRICS :
Remainder of title Policy and Research to Support Entrepreneurs /
250 ## - EDITION STATEMENT
Edition statement 1st ed. 2015.
300 ## - PHYSICAL DESCRIPTION
Number of Pages 1 online resource (IX, 266 pages 50 illustrations)
520 ## - SUMMARY, ETC.
Summary, etc This book presents selected articles that discuss important issues related to entrepreneurship in Brazil, Russia, India and China as well as contributions from authors whose countries have a tradition on entrepreneurship support, such as Italy and the UK. The articles were presented and discussed in a conference on Entrepreneurship in Brazil in November 2013 organized by the Institute of Economics of the Federal University of Rio de Janeiro and IBMEC Business School. This book covers four essential themes: financing entrepreneurs, innovation environments, social entrepreneurship and e-entrepreneurship.
650 #0 - SUBJECT ADDED ENTRY--TOPICAL TERM
Topical Term Economic policy.
650 #0 - SUBJECT ADDED ENTRY--TOPICAL TERM
Topical Term Entrepreneurship.
650 #0 - SUBJECT ADDED ENTRY--TOPICAL TERM
Topical Term Industrial management.
650 #0 - SUBJECT ADDED ENTRY--TOPICAL TERM
Topical Term Leadership.
650 #0 - SUBJECT ADDED ENTRY--TOPICAL TERM
Topical Term Management.
650 14 - SUBJECT ADDED ENTRY--TOPICAL TERM
Topical Term Entrepreneurship.
650 24 - SUBJECT ADDED ENTRY--TOPICAL TERM
Topical Term Business Strategy/Leadership.
650 24 - SUBJECT ADDED ENTRY--TOPICAL TERM
Topical Term Economic Policy.
650 24 - SUBJECT ADDED ENTRY--TOPICAL TERM
Topical Term Innovation/Technology Management.
700 1# - ADDED ENTRY--PERSONAL NAME
Personal name de Jesus Melo, Leonardo.
700 1# - ADDED ENTRY--PERSONAL NAME
Personal name de Magalhães Ozório, Luiz.
700 1# - ADDED ENTRY--PERSONAL NAME
Personal name Lèbre La Rovere, Renata.
942 ## - ADDED ENTRY ELEMENTS (KOHA)
Koha item type ADB
952 ## - LOCATION AND ITEM INFORMATION (KOHA)
Withdrawn status [LOCAL, KOHA] 0
Holdings
Permanent Location Date acquired Koha item type Lost status Shelving location Barcode Current Location Full call number
Library Block C2022-12-28ADB C106a069662Library Block C658 FAO 2017 C106 Or.
មជ្ឈមណ្ឌលឯការនៃសាកលវិទ្យាល័យភូមិន្ទកសិកម្មចំការដូង

Powered by Koha